Kirjaimella M alkavien valtioiden liput - Statistics

Yleistilastot
  • Tätä visaa on pelattu 46 kertaa
  • Keskiarvotulos 14 / 18
Vastaustilastot
Kuvavisa Vastaus % Oikein
Meksiko
97%
Malta
92%
Malesia
84%
Mali
84%
Marokko
84%
Mikronesia
82%
Moldova
82%
Monaco
82%
Mongolia
82%
Montenegro
82%
Mosambik
82%
Mauritania
79%
Mauritius
76%
Malawi
74%
Myanmar
74%
Madagaskar
68%
Marshallinsaaret
66%
Malediivit
53%
Ehtoja vastaavia visoja ei löytynyt
Tulosjakauma
Jokaisen tuloksen saaneiden osuus
Persentiili vastausten määrän mukaan
Tuloshistoriasi
Et ole pelannut tätä visaa